|
|
|
|
| LEADER |
00000cam a2200000 c 4500 |
| 001 |
1651193355 |
| 003 |
DE-627 |
| 005 |
20220609105630.0 |
| 007 |
tu |
| 008 |
901004s1989 xx ||||| 00| ||fre c |
| 020 |
|
|
|a 2877610004
|9 2-87761-000-4
|
| 035 |
|
|
|a (DE-627)1651193355
|
| 035 |
|
|
|a (DE-576)021819556
|
| 035 |
|
|
|a (DE-599)BSZ021819556
|
| 035 |
|
|
|a (OCoLC)21517642
|
| 040 |
|
|
|a DE-627
|b ger
|c DE-627
|e rakwb
|
| 041 |
|
|
|a fre
|
| 100 |
1 |
|
|a Bellemare, Pierre
|4 aut
|
| 245 |
1 |
4 |
|a Les crimes passionnels
|b [50 histoires vraies]
|c Pierre Bellemare; Jean-François Nahmias
|
| 264 |
|
1 |
|a Paris
|b TF1 Ed.
|c 1989
|
| 300 |
|
|
|a 342 S.
|
| 336 |
|
|
|a Text
|b txt
|2 rdacontent
|
| 337 |
|
|
|a ohne Hilfsmittel zu benutzen
|b n
|2 rdamedia
|
| 338 |
|
|
|a Band
|b nc
|2 rdacarrier
|
| 583 |
1 |
|
|a Archivierung prüfen
|c 20200919
|f DE-640
|z 1
|2 pdager
|
| 700 |
1 |
|
|a Nahmias, Jean-François
|4 aut
|
| 951 |
|
|
|a BO
|
| ELC |
|
|
|b 1
|
| LOK |
|
|
|0 000 xxxxxcx a22 zn 4500
|
| LOK |
|
|
|0 001 3344312588
|
| LOK |
|
|
|0 003 DE-627
|
| LOK |
|
|
|0 004 1651193355
|
| LOK |
|
|
|0 005 20151020095113
|
| LOK |
|
|
|0 008 901004||||||||||||||||ger|||||||
|
| LOK |
|
|
|0 040
|a DE-21
|c DE-627
|d DE-21
|
| LOK |
|
|
|0 852
|a DE-21
|
| LOK |
|
|
|0 852 1
|c KB 18 A 7043
|9 00
|
| LOK |
|
|
|0 935
|a krim
|
| LOK |
|
|
|0 939
|a 04-10-90
|b l01
|
| ORI |
|
|
|a SA-MARC-krimdoka001.raw
|
| SIG |
|
|
|a UB: KB 18 A 7043
|